000 00341nam a2200121Ia 4500
008 190722s9999 xx 000 0 und d
020 _a978-81-565-5761-5
100 _aElliott, Woodward
245 0 _aSAS Essentials (Mastering SAS for Data Analytics)
260 _aNew Delhi
_bJohn Wiley & Sons.Inc. (India)
_c2015
300 _a518
942 _cBK
999 _c338
_d338